| 000 | aam a22 a 4500 | ||
|---|---|---|---|
| 999 |
_c4614 _d4614 |
||
| 003 | AKMAL | ||
| 005 | 20170607085416.0 | ||
| 008 | 170607s2015 my e l 001 0 eng d | ||
| 020 |
_a9789670735146 _qhardback _cRM 250.00 |
||
| 040 | _cAKMAL | ||
| 082 | 0 | 4 |
_a336.271409595 CHO _223 |
| 090 | 0 | 0 |
_a336.271409595 _bCHO |
| 100 | 1 |
_aChoong, Kwai Fatt, _cDr., _d1965- _eauthor. _98888 |
|
| 245 | 1 | 0 |
_aGST Handbook for Legal Practice / _cCHOONG KWAI FATT |
| 264 | 1 |
_aSubang Jaya, Selangor : _bThomson Reuters Malaysia Sdn Bhd, _c2014 |
|
| 300 |
_axxv, 295 pages ; _c25 cm |
||
| 336 |
_atext _2rdacontent |
||
| 337 |
_aunmediated _2rdamedia |
||
| 338 |
_avolume _2rdacarrier |
||
| 500 | _aIncludes index | ||
| 650 | 1 | 0 |
_aSales tax _zMalaysia _vHandbooks, manuals, etc. _9211 |
| 650 | 2 | 0 |
_aTaxation _zMalaysia _vHandbooks, manuals, etc. _98889 |
| 650 | 2 | 0 |
_aValue-added tax _zMalaysia _vHandbooks, manuals, etc. _9210 |
| 942 |
_2ddc _cBOOK |
||